000 00550nam a2200205Ia 4500
008 180207s9999 xx 000 0 und d
020 _a9781586683020
050 _bB512 2003
100 _aBerk, Sheryl
245 4 _aThe new babysitter :
245 _ba little help with a new friend /
245 _cby Sheryl Berk ; illustrated by Kathryn Yingling.
260 _aNew York :
260 _bScholastic,
260 _c2003
300 _aunpaged :
300 _bcolor illustration ;
300 _c23cm.
440 _aBarney's little lessons.
999 _c355524
_d355524